| 000 | 00453cam a2200193ua 4500 | ||
|---|---|---|---|
| 020 | _c100.00 | ||
| 041 |
_aeng _h |
||
| 082 |
_a690 _bARO/BU |
||
| 100 | _aArora, N.L . | ||
| 245 |
_aBuilding construction / _cN.L Arora. _hTextual Documents |
||
| 250 |
_a7 / _b. |
||
| 260 |
_aNew Delhi : _bSatya Prakshan , _c2008. |
||
| 300 | _a ; . | ||
| 365 | _a100.00 | ||
| 504 | _a | ||
| 700 | 1 | _aGupta, B.R . | |
| 942 | _cBK | ||
| 999 |
_c13395 _d13395 |
||